000 00889nam a2200253Ia 4500
003 OSt
005 20221005112137.0
006 a|||||r|||| 00| 0
007 ta
008 221004b |||||||| |||| 00| 0 pan d
020 _a8172054696 (hbk)
_c100
024 _a11796
037 _b827, 14/03/2014, H.K. Prakashan
_cTextual
040 _aCRL
_cCRL
_bpan
041 _2pan
_apan
082 _aQ8441wJ04x, 153Q1
100 _aਮਹਿਬੂਬ, ਹਰਿੰਦਰ ਸਿੰਘ
245 0 _aਇਲਾਹੀ ਨਦਰ ਦੇ ਪੈ੍ਵਡੇ
260 _aਅੰਮ੍ਰਿਤਸਰ
_bਸਿੰਘ ਬ੍ਰਦਰਗ਼ ਭਾਰਤ
_c2011
300 _a96ਪੰ
_ccm.
650 _aਧਰਮ
942 _hQ8441wJ04x, 153Q1
_cTEXL
_2cc
999 _c1023947
_d1023947